书目信息 |
| 题名: |
城市设计美学
|
|
| 作者: | 徐苏宁 编著 | |
| 分册: | ||
| 出版信息: | 北京 中国建筑工业出版社 2007.01 |
|
| 页数: | 260页 | |
| 开本: | 26cm | |
| 丛书名: | ||
| 单 册: | ||
| 中图分类: | TU984 | |
| 科图分类: | ||
| 主题词: | 城市规划--cheng shi gui hua--建筑美学--高等学校--教材 | |
| 电子资源: | ||
| ISBN: | 978-7-112-08089-2 | |
| 000 | 01150nam0 2200241 450 | |
| 001 | 012007366874 | |
| 005 | 20071228150712.12 | |
| 010 | @a978-7-112-08089-2@dCNY40.00 | |
| 100 | @a20071228d2007 km y0chiy0120 ea | |
| 101 | 0 | @achi |
| 102 | @aCN@b110000 | |
| 105 | @aa z 000yy | |
| 106 | @ar | |
| 200 | 1 | @a城市设计美学@Acheng shi she ji mei xue@f徐苏宁编著@Fxu su ning bian zhu |
| 210 | @a北京@c中国建筑工业出版社@d2007.01 | |
| 215 | @a260页@c图@d26cm | |
| 300 | @a高等建筑不与城市规划专业教材 | |
| 330 | @a本书对经典美学与现代美学做了简要的概述,从关于美的本质,美学的研究状况和流派等角度对基本的美学问题做了深入浅出的介绍。然后,对城市设计美学的历史做了历史性的分析,以描述性的方法,对每一历史时期中城市的形态特征、设计思想和美学作用逐一进行了总结、判断。真实而客观地从哲学、社会学和美学角度评价了各历史阶段中城市设计的理论和思想,以及它们所反映出来的历史观、哲学观、和美学观。进而运用美学的基本原理和方法,对城市形态进行审美分析和描述。 | |
| 606 | 0 | @a城市规划@Acheng shi gui hua@x建筑美学@x高等学校@j教材 |
| 690 | @aTU984@v4 | |
| 701 | 0 | @a徐苏宁@Axu su ning@4编著 |
| 801 | 0 | @aCN@bQSSK@c20071228 |
| 905 | @b274022-24@dTU984@eX804@f3 | |
| 城市设计美学/徐苏宁编著.-北京:中国建筑工业出版社,2007.01 |
| 260页:图;26cm |
| 高等建筑不与城市规划专业教材 |
| ISBN 978-7-112-08089-2:CNY40.00 |
| 本书对经典美学与现代美学做了简要的概述,从关于美的本质,美学的研究状况和流派等角度对基本的美学问题做了深入浅出的介绍。然后,对城市设计美学的历史做了历史性的分析,以描述性的方法,对每一历史时期中城市的形态特征、设计思想和美学作用逐一进行了总结、判断。真实而客观地从哲学、社会学和美学角度评价了各历史阶段中城市设计的理论和思想,以及它们所反映出来的历史观、哲学观、和美学观。进而运用美学的基本原理和方法,对城市形态进行审美分析和描述。 |
| ● |
| 相关链接 |
|
|
|
正题名:城市设计美学
索取号:TU984/X804
 
预约/预借
| 序号 | 登录号 | 条形码 | 馆藏地/架位号 | 状态 | 备注 |
| 1 | 274022 | 202740221 | 建筑库201/201建筑库 61排3列5层/ [索取号:TU984/X804] | 在馆 | |
| 2 | 274023 | 202740230 | 建筑库201/201建筑库 61排3列5层/ [索取号:TU984/X804] | 在馆 | |
| 3 | 274024 | 202740249 | 建筑库201/201建筑库 61排3列5层/ [索取号:TU984/X804] | 在馆 |